000 01312cam a2200193 4500
001 L131079
008 050926n2005 000 0 eng u
035 _a(Sirsi) u131079
041 0 _aeng
050 0 4 _a711.10212 $2 18
110 _aUnited Kingdom
_bOffice of the Deputy Prime Minister
245 _aDevelopment control statistics
_bEngland 2004/05
260 _aLondon
_bODPM
_c2005
520 _aThis internet-only edition of "Development control statistics
_bEngland" contains data at national, regional and local level on planning applications and decisions, planning appeals, enforcement action and county matters planning applications and decisions. Provides a commentary highlighting key statistics in each of the four chapter and historic data are included for comparison where appropriate. Appendices set out government office regions and specimen returns. To complement this annual publication more up-to-date information is provided by the ODPM in a regular quarterly statistical release.
590 _aIKA270905
690 _aENVIRONMENTAL AND LAND CONSULTANCY-PLANNING AND DEVELOPMENT-DEVELOPMENT CONTROL
856 _uhttps://webarchive.nationalarchives.gov.uk/+/http://www.communities.gov.uk/index.asp?id=1146536
_zView the statistics free of charge at www.communities.gov.uk
942 _n0
999 _c104631
_d104631